Rock and soil mechanics / (Record no. 550612)
[ view plain ]
| 000 -LEADER | |
|---|---|
| fixed length control field | 00829pam a2200193 a 4500 |
| 020 ## - INTERNATIONAL STANDARD BOOK NUMBER | |
| International Standard Book Number | 0444989501 (U.S.) : |
| 082 00 - DEWEY DECIMAL CLASSIFICATION NUMBER | |
| Classification number | 624.15132 |
| Author Mark | DER |
| -- | L-37, P-13 |
| 245 10 - TITLE STATEMENT | |
| Title | Rock and soil mechanics / |
| Statement of responsibility, etc. | by Włodzimierz Derski ... [et al.]. |
| 260 ## - PUBLICATION, DISTRIBUTION, ETC. | |
| Place of publication, distribution, etc. | Amsterdam ; |
| -- | New York : |
| Name of publisher, distributor, etc. | Elsevier ; |
| Place of publication, distribution, etc. | Warsaw : |
| Name of publisher, distributor, etc. | PWN--Polish Scientific Publishers ; |
| Place of publication, distribution, etc. | New York, NY : |
| Name of publisher, distributor, etc. | Distribution for the U.S.A. and Canada, Elsevier Science Pub. Co., |
| Date of publication, distribution, etc. | 1989. |
| 300 ## - PHYSICAL DESCRIPTION | |
| Extent | xvii, 719 p. : |
| Other physical details | ill ; |
| Dimensions | 25 cm. |
| 490 1# - SERIES STATEMENT | |
| Series statement | Developments in geotechnical engineering ; |
| 500 ## - GENERAL NOTE | |
| General note | Rev. and enl. translation of: Mechanika skał i gruntów, t. 7 of Mechanika techniczna. |
| 526 ## - STUDY PROGRAM INFORMATION NOTE | |
| Program name | 0 |
| Interest level | 0 |
| Reading level | 0 |
| Title point value | 624_151320000000000_DER |
| 650 #0 - SUBJECT ADDED ENTRY--TOPICAL TERM | |
| Topical term or geographic name entry element | MCE |
| 9 (RLIN) | 379 |
| 650 #0 - SUBJECT ADDED ENTRY--TOPICAL TERM | |
| Topical term or geographic name entry element | Rock mechanics. |
| 9 (RLIN) | 23489 |
| 650 #0 - SUBJECT ADDED ENTRY--TOPICAL TERM | |
| Topical term or geographic name entry element | Soil mechanics. |
| 700 1# - ADDED ENTRY--PERSONAL NAME | |
| Personal name | Derski, Włodzimierz. |
| 9 (RLIN) | 47327 |
| 942 ## - ADDED ENTRY ELEMENTS (KOHA) | |
| Source of classification or shelving scheme | |
| Koha item type | Book |
| Withdrawn status | Lost status | Source of classification or shelving scheme | Damaged status | Not for loan | Permanent Location | Current Location | Date acquired | Total Checkouts | Full call number | Barcode | Date last seen | Price effective from | Koha item type |
|---|---|---|---|---|---|---|---|---|---|---|---|---|---|
| Military College of Engineering (MCE) | Military College of Engineering (MCE) | 11/17/2014 | 624.15132 DER | MCE-28703 | 11/17/2014 | 11/17/2014 | Book |
